000 00775nam a2200265Ia 4500
003 OSt
005 20220924122644.0
006 a|||||r|||| 00| 0
007 ta
008 220923b |||||||| |||| 00| 0 hin d
024 _a76471
037 _cTextual
040 _aARTS
_cARTS
_bhin
041 _2hin
_ahin
082 _aR66,5x1,1, 152L5;L9 (Q4)
100 _aTripathi Ramakant
_9190244
245 0 _aBrahma sutra sankarabhasya (Chatusutsi)
250 _a2nd
260 _aLucknow
_bHindi Granth Academy
_c1979
300 _a84p.
_ccm.
490 _aHindi granth academy parabhag granthank; 60
650 _aADVAITA PHILOSOPHY
_9790
942 _hR66,5x1,1, 152L5;L9 (Q4)
_cTEXL
_2CC
999 _c412512
_d412512